00481nam a2200157 i 450000100060000000300090000600500170001500700030003200800410003510000220007624500900009826000760018830000210026465000120028585200260029721648ES-MaACL20230906152524.0t|021127s1904 sp ||||1| spa d1 aAlbi, Barón de.10aContra el duelo b: artículos publicados en el Correo Catalán /cBarón de Albi. aBarcelona : b[s.n.], c1904 (fTip. de Francisco J. Altés y Alabart) a32 p. ; c22 cm.04aDuelos. aES-MaACLjT-1037-F-11